Statistics for Biggest World Cities on Major Rivers

Click here to take the quiz!

General Stats

  • This quiz has been taken 84 times
  • The average score is 10 of 19

Answer Stats

PopulationCity% Correct
31.1 milShanghai
91%
17.1 milCairo
87%
27.2 milDelhi
84%
48.6 milGuangzhou
82%
10.9 milKinshasa
65%
16.2 milKolkata
65%
16.0 milBuenos Aires
61%
17.9 milDhaka
61%
25.1 milKarachi
61%
17.4 milBangkok
60%
21.9 milSão Paulo
56%
5.70 milKhartoum
54%
7.00 milBaghdad
43%
8.10 milWuhan
35%
11.8 milTianjin
34%
7.20 milChongqing
28%
6.35 milHouston
26%
7.05 milNanjing
22%
6.75 milDallas
21%

Score Distribution

Percentile by Number Answered

Percent of People with Each Score

Your Score History

You have not taken this quiz